Cities that have hosted a Rugby World Cup Final - Statistics

General Stats
  • This quiz has been taken 68 times
  • The average score is 8 of 9
Answer Stats
Year City % Correct
1987 Auckland
97%
2011 Auckland
97%
2003 Sydney
97%
1991 London
95%
2015 London
95%
2007 Paris
90%
1995 Johannesburg
85%
1999 Cardiff
75%
2019 Yokohama
59%
No matching quizzes found
Score Distribution
Percent of People with Each Score
Percentile by Number Answered
Your Score History
You have not taken this quiz